LEADER 02284nam 2200529 a 450 001 9910480784503321 005 20170816153158.0 010 $a1-4833-2922-4 010 $a1-4522-4507-X 035 $a(CKB)2550000001197917 035 $a(EBL)1598290 035 $a(SSID)ssj0001112279 035 $a(PQKBManifestationID)12503512 035 $a(PQKBTitleCode)TC0001112279 035 $a(PQKBWorkID)11161713 035 $a(PQKB)10120186 035 $a(MiAaPQ)EBC1598290 035 $a(OCoLC)872672389 035 $a(StDuBDS)EDZ0000158872 035 $a(EXLCZ)992550000001197917 100 $a20130912d2007 fy 0 101 0 $aeng 135 $aur|n|---||||| 181 $ctxt 182 $cc 183 $acr 200 10$aHuman memory$b[electronic resource] $estructures and images /$fMary B. Howes 210 $aThousand Oaks $cSAGE$dc2007 215 $a1 online resource (473 p.) 300 $aDescription based upon print version of record. 311 $a1-322-28358-3 311 $a1-4129-1629-1 320 $aIncludes bibliographical references and index. 327 $aMemory : historical and current perspectives -- Mainstream foundations : the associative model of memory -- Sensory memory -- Verbal short-term memory -- Working memory -- Encoding and retrieval in long-term memory -- Long-term memory : ongoing research -- The constructivism model of memory -- Memory change : alterations in the components of a memory -- Long-term memory : higher order structures -- Autobiographical memory. 330 $aHuman Memory: Structures and Images offers students a comprehensive overview of research in human memory. Providing a theoretical background for the research, author Mary B. Howes uses a clear and accessible format to cover three major areas-mainstream experimental research; naturalistic research; and work in the domains of the amnesias, malfunctions of memory, and neuroscience. 606 $aMemory$xResearch 608 $aElectronic books. 615 0$aMemory$xResearch. 676 $a153.1 676 $a153.12 700 $aHowes$b Mary B.$f1942-2013.$01045945 801 0$bStDuBDS 801 1$bStDuBDS 906 $aBOOK 912 $a9910480784503321 996 $aHuman memory$92472579 997 $aUNINA LEADER 01461nam a2200289 i 4500 001 991001312779707536 008 110714s1991 it 1 ita 020 $a8815022783 035 $ab13994748-39ule_inst 040 $aDip.to Studi Storici$bita 082 04$a330.1542092 245 00$aGustav Schmoller oggi :$blo sviluppo delle scienze sociali in Germania e Italia =$bGustav Schmoller heute : die Entwicklung der Sozialwissenschaften in Deutschland und Italien /$ca cura di Michael Bock, Harald Homann, Pierangelo Schiera 246 11$aGustav Schmoller heute :$bdie Entwicklung der Sozialwissenschaften in Deutschland und Italien 260 $aBologna :$bIl mulino ; Berlin : Duncker & Humblot,$c1991 300 $a421 p. ;$c24 cm. 440 0$aAnnali dell'Istituto storico italo-germanico in Trento.$pContributi ;$v6 500 $aAtti del seminario tenuto a Tübingen nel 1989. - Nell'occhietto: Istituto trentino di cultura, Pubblicazioni dell'Istituto storico italo-germanico in Trento. 600 14$aSchmoller, Gustav :$cvon 700 1 $aSchiera, Pierangelo 700 1 $aBock, Michael 700 1 $aHomann, Harald 907 $a.b13994748$b02-04-14$c14-07-11 912 $a991001312779707536 945 $aLE023 330.154 GUS 1 1 $g1$i2023000128916$lle023$o-$pE20.66$q-$rn$so $t0$u1$v0$w1$x0$y.i15298954$z14-07-11 996 $aGustav Schmoller oggi$9248778 997 $aUNISALENTO 998 $ale023$b14-07-11$cm$da $e-$fita$git $h0$i0